000 00598nam a2200205Ia 4500
999 _c7862
_d7862
020 _a657a978184971371
082 _a304.25 UNI-C
245 0 _aCities and climate change: global report on human settlements 2011
260 _aLondon
_bEarthscan
_c2011
300 _axviii, 279
504 _aincludes bibliography
650 _aCities and towns
650 _aClimatic changes
650 _aUrban climatology
650 _aUrbanization
650 _aGlobalization
650 _aUnited Nation Human Settlements Programme
710 _aUnited Nations Human Settlements Programme
942 _cBK